| 000 | 00320nam a22001217a 4500 | ||
|---|---|---|---|
| 003 | SGT | ||
| 020 | _a978-81-935610-1-0 | ||
| 082 |
_a611 _bH19C |
||
| 100 | _aCHHIPA, MUKESH K. | ||
| 245 | _aHUMAN ANATOMY & PHYSIOLOGY WITH MICROBIOLOGY FOR GNM STUDENTS | ||
| 260 |
_aJAIPUR INDIA _bJAIN PUB _c2019 |
||
| 942 |
_2ddc _cBK _022 |
||
| 999 |
_c18258 _d18258 |
||